<?xml version="1.0" encoding="UTF-8"?>
<marc:record xmlns:marc="http://www.loc.gov/MARC21/slim">
   <marc:leader>00000nam a2200000 a 4500</marc:leader>
   <marc:datafield ind1="1" ind2=" " tag="100">
      <marc:subfield code="a">Achenbach, Cornelia</marc:subfield>
      <marc:subfield code="4">aut</marc:subfield>
      <marc:subfield code="e">Verfasser/-in</marc:subfield>
   </marc:datafield>
   <marc:datafield ind1=" " ind2=" " tag="653">
      <marc:subfield code="a">Erzählende Literatur: Gegenwartsliteratur ab 1945</marc:subfield>
   </marc:datafield>
   <marc:datafield ind1="0" ind2="0" tag="245">
      <marc:subfield code="a">Darüber reden wir später</marc:subfield>
   </marc:datafield>
   <marc:datafield ind1="0" ind2="0" tag="245">
      <marc:subfield code="b">Roman</marc:subfield>
   </marc:datafield>
   <marc:datafield ind1="0" ind2="0" tag="245">
      <marc:subfield code="c">Cornelia Achenbach</marc:subfield>
   </marc:datafield>
   <marc:datafield ind1=" " ind2="1" tag="264">
      <marc:subfield code="a">München</marc:subfield>
      <marc:subfield code="b">Wunderraum</marc:subfield>
      <marc:subfield code="c">2020</marc:subfield>
   </marc:datafield>
   <marc:datafield ind1=" " ind2=" " tag="250">
      <marc:subfield code="a">Originalausgabe</marc:subfield>
   </marc:datafield>
   <marc:datafield ind1="1" ind2=" " tag="520">
      <marc:subfield code="a">Angaben aus der Verlagsmeldung ## ##  Darüber reden wir später : Roman / von Cornelia Achenbach ## #Ein kleines Leben im Einfamilienhaus mit Garten, die zwei Kinder längst ausgezogen. Den Lebenstraum, Bücher zu schreiben, hat Margret aufgegeben. Als ihr Mann ins Krankenhaus muss, bleibt sie allein zurück  ein Zustand, der ihr fast gefällt. Sie beginnt, sich Fragen zu stellen. Ist Gert der Richtige? Hätte sie sich damals auf Andreas einlassen sollen? Zur Ablenkung gibt Margrets Bruder ihr die Tagebücher der verstorbenen Mutter zu lesen. Auf einmal ist sie mit einer Liebe konfrontiert, die Krieg und Vertreibung überstand  und ein Ereignis, über das nie jemand sprach. Bis Ingrid, die ältere Schwester, die jahrelange Distanz durchbricht und endlich zu reden beginnt.</marc:subfield>
   </marc:datafield>
   <marc:datafield ind1=" " ind2=" " tag="020">
      <marc:subfield code="a">9783336548170</marc:subfield>
      <marc:subfield code="9">9783336548170</marc:subfield>
   </marc:datafield>
   <marc:datafield ind1=" " ind2=" " tag="041">
      <marc:subfield code="a">ger</marc:subfield>
   </marc:datafield>
   <marc:datafield ind1=" " ind2=" " tag="300">
      <marc:subfield code="a">240 Seiten</marc:subfield>
   </marc:datafield>
</marc:record>
